000 00717nam a2200181 i 4500
001 180212
003 ES-MaACL
005 20250730025326.0
008 120518s1952 sp |||| | spa d
080 _a616-002.5
245 0 0 _aTrabajos del Sanatorio Antituberculoso de Ofra y del Dispensario Central de Santa Cruz de Tenerife Canarias (España).
_nVolumen X,
_pAños 1950-51 /
_cdirector: T. Cerviá.
260 _aSanta Cruz de Tenerife :
_bSanatorio Antituberculoso de Ofra y del Dispensario Central,
_c1952.
300 _a180 p. ;
_c21 cm.
650 0 7 _aTuberculosis
_2embne
_917658
700 1 _aCerviá, Tomás (
_d1902-1962)
_937660
852 _aES-MaACL
_jE-15426
_x.- P-828 bis
999 _c180212
_d180212